000
00255nam a2200109Ia 4500
008
190216s9999||||xx |||||||||||||| ||und||
100
_a
Punathil Kunhabdulla
245
0
_a
Unnathanmarude Smashanam
260
_b
Dc Books
650
_a
Kathakal
942
_c
BK
999
_c
26754
_d
26754